| 000 | 00386nam a22001577a 4500 | ||
|---|---|---|---|
| 003 | NUST - PNEC | ||
| 005 | 20170116181148.0 | ||
| 008 | 150220b xxu||||| |||| 00| 0 eng d | ||
| 020 | _a- | ||
| 040 | _cLIBRARY | ||
| 082 | _a621.4021 EAS | ||
| 100 |
_97846 _aEastop, T. D. |
||
| 245 |
_aApplied Thermodynamics _cT.D. Eastop |
||
| 650 |
_912281 _aThermodynamics _xME |
||
| 942 |
_2ddc _cBK |
||
| 999 |
_c70811 _d70811 |
||